000 00868cam a22003017a 4500
003 CHAP
005 20220329142420.0
008 001213d1996 mx a r 00110 esp d
010 _a83140
011 _a84112
020 _a0865475032
035 _a94631
040 _cCHAP
082 0 4 _a634.63
_bR6
100 0 0 _aRosenblum, Mort.
_9100123
245 1 0 _aOlives :
_bthe life and lore of a noble fruit
_c/by Mort Rosenblum.
260 _aNew York, N.Y. :
_bNorth Point Press,
_c1996.
300 _a316p. :
_bilus.
590 _aBATCH-UPD
_b10
_c20130110
_lUCH01
_h0718
590 _aCONVERSION
_b10
_c20130109
_lUCH01
_h1346
650 1 4 _aAceite de oliva.
_9442
650 1 4 _aAceituna.
_9466
650 1 4 _aOlivo.
_983127
901 _aBK
905 _aEdna Luz
942 _cLIBRO
949 _a634.63 R6
_bBC
_cLIBRO
_d33724000808606
_eLIBRO
_h99261
_i94631
_sex
_t$264.00
999 _c83140
_d83140